| 000 | 00361nam a2200145Ia 4500 | ||
|---|---|---|---|
| 008 | 230917s9999||||xx |||||||||||||| ||und|| | ||
| 040 |
_e69182 _aMAIN |
||
| 041 | _aEnglish | ||
| 082 | _a301.4 E99M | ||
| 100 | _aEtzioni, Amitai | ||
| 245 | 0 | _aModern organizations | |
| 260 |
_aNew Delhi _bPrentice-Hall of India _c1993 |
||
| 300 | _avii, 120 p. | ||
| 942 | _cBK | ||
| 999 |
_c232530 _d232530 |
||